000 00545nam a2200205 a 4500
999 _c12217
_d12217
001 12217
003 BD-JhCC
005 20210420125013.0
008 210420b1967 lon |||| ||a| 000 0 eng d
035 _a(BD-JhCC)12217
040 _aBD-JhCC
_dBD-JhCC
041 _aeng
082 _a408.2
_bWIN 1967
100 _aWindsor, R. O
245 _aComprehension and Language /
_c R. O. Windsor .
260 _aLondon:
_bHeinemann Educalional books ltd;
_c1967.
300 _a114 p. :
_c18 cm.
650 _aLanguage and languages
942 _2ddc
_cBK